Automatización de la terminal SCP del sistema RACSAMAIL

Kaydedildi:
Detaylı Bibliyografya
Yazar: Vindas Alvarado, Carlos Alberto
Materyal Türü: Kitap
Baskı/Yayın Bilgisi: [San José , Costa Rica] 1995
Konular:
Etiketler: Etiketle
Etiket eklenmemiş, İlk siz ekleyin!

MARC

LEADER 00000nam a2200000Ia 4500
003 007784
005 20221231144252.0
008 140114s1995 cr a m 000 ||s d
040 |c cru CEDI 
090 |a TFG 3358 
100 |a Vindas Alvarado, Carlos Alberto  |9 10613 
245 |a Automatización de la terminal SCP del sistema RACSAMAIL 
260 |c 1995  |a [San José , Costa Rica] 
300 |a  viii, [115] hojas : ilustraciones  
500 |a  Proyecto de graduación (licenciatura en ingeniería eléctrica)--Universidad de Costa Rica. Facultad de Ingeniería. Escuela de Ingeniería Eléctrica 
650 |x CORREO ELECTRONICO   |x  AUTOMATIZACION   |x  COSTA RICA  |9 10614 
942 |c TFG  |2 ddc 
999 |c 19336  |d 19336